Statistiche per Squadre con la Miglior difesa in Serie A

Clicka qui per fare il quiz!

Statistiche generali

  • Questo quiz è stato fatto 8 volte
  • Il punteggio medio è 13 su 16

Statistiche sulle risposte

Stagioni con la miglior difesaSquadra% Corretto
4Bologna
100%
8Fiorentina
100%
16Inter
100%
25Juventus
100%
4Lazio
100%
14Milan
100%
3Napoli
100%
6Roma
100%
9Torino
100%
2Cagliari
88%
1Hellas Verona
75%
1Sampdoria
75%
1Modena
38%
1Perugia
38%
1Padova
25%
2Triestina
25%

Distribuzione punteggi

Percentile per numero di risposta

Percentuale di utenti per punteggio

I tuoi punteggi nel tempo

Non hai fatto questo quiz